Sirat-u- nabvi (Record no. 194103)
[ view plain ]
| 000 -LEADER | |
|---|---|
| fixed length control field | 00371 a2200157 4500 |
| 003 - CONTROL NUMBER IDENTIFIER | |
| control field | Nust |
| 005 - DATE AND TIME OF LATEST TRANSACTION | |
| control field | 20170207154116.0 |
| 040 ## - CATALOGING SOURCE | |
| Transcribing agency | Nust |
| 082 ## - DEWEY DECIMAL CLASSIFICATION NUMBER | |
| Classification number | 297.63 |
| 100 ## - MAIN ENTRY--PERSONAL NAME | |
| Personal name | molana saed sleman nadvi |
| 245 ## - TITLE STATEMENT | |
| Title | Sirat-u- nabvi |
| Statement of responsibility, etc. | molana saed nadvi (rh ) |
| 250 ## - EDITION STATEMENT | |
| Edition statement | vol.7 |
| 260 ## - PUBLICATION, DISTRIBUTION, ETC. | |
| Place of publication, distribution, etc. | islamabad |
| Name of publisher, distributor, etc. | manza press |
| Date of publication, distribution, etc. | 1993 |
| 300 ## - PHYSICAL DESCRIPTION | |
| Extent | 191p; |
| 538 ## - SYSTEM DETAILS NOTE | |
| System details note | Almirah No.66, Shelf No.3 |
| 942 ## - ADDED ENTRY ELEMENTS (KOHA) | |
| Source of classification or shelving scheme | |
| Koha item type | Book |
| Withdrawn status | Lost status | Source of classification or shelving scheme | Damaged status | Not for loan | Collection code | Permanent Location | Current Location | Date acquired | Total Checkouts | Full call number | Barcode | Date last seen | Price effective from | Koha item type |
|---|---|---|---|---|---|---|---|---|---|---|---|---|---|---|
| Military College of Signals (MCS) | Military College of Signals (MCS) | 12/12/2016 | 297.63 NAD | MCS34289 | 12/08/2016 | 12/12/2016 | Book |
